LEADER 01181nam--2200349---450- 001 990003328380203316 005 20091117124633.0 010 $a978-92-896-0540-3 035 $a000332838 035 $aUSA01000332838 035 $a(ALEPH)000332838USA01 035 $a000332838 100 $a20091008d2008----km-y0itay50------ba 101 $aeng 102 $aLU 105 $a||||||||001yy 200 1 $a<> shift to learning outcomes$econceptual, political and practical developments in Europe$fCEDEFOP 210 $aLuxembourg$cOffice for official publications of the European Communities$d2008 215 $a46 p.$d25 cm 606 0 $aFormazione professionale$yPaesi della Comunità europea$2BNCF 676 $a370.113094 699 $a06.02$bPolitica educativa 710 02$aCENTRO EUROPEO PER LO SVILUPPO DELLA FORMAZIONE PROFESSIONALE$0432674 801 0$aIT$bsalbc$gISBD 912 $a990003328380203316 951 $aCDE 06.02 (XXVI)$bCDE 2036$cCDE 06.02$d00148171 959 $aBK 969 $aCDE 979 $aCDE$b10$c20091008$lUSA01$h1011 979 $aMARIAS$b90$c20091117$lUSA01$h1246 996 $aShift to learning outcomes$91120487 997 $aUNISA LEADER 01282nam a2200301 i 4500 001 991002479609707536 008 140407s2012 it b 001 0dita d 020 $a9788883346811 035 $ab14181058-39ule_inst 040 $aBibl. Interfacoltà T. Pellegrino$bita 082 04$a255.9 100 1 $aTerraccia, Francesca$0479600 245 10$aIn attesa di una scelta :$bdestini femminili ed educandati monastici nella diocesi di Milano /$cFrancesca Terraccia 260 $aRoma :$bViella,$c2012 300 $a281 p. :$bc. geogr., diagr. ;$c21 cm. 440 2$aI libri di Viella ;$v131 504 $aCon bibliografia (p. [251]-269) e indice 650 4$aDonna$xEducazione$zMilano$xStoria$ySec. 16.-18. 650 4$aDonna$xIstruzione$zMilano$xStoria$ySec. 16.-18. 650 4$aMonache$zLombardia$yStoria$ySec. 16.-18. 650 4$aCollegi femminili$xDiocesi di Milano$ySec. 16.-18. 650 4$aDonna$xPosizione sociale$zLombardia$xStoria$ySec. 16.-18. 907 $a.b14181058$b07-04-14$c07-04-14 912 $a991002479609707536 945 $aLE002 255.9 TER$g1$i2002000871480$lle002$op$pE28.00$q-$rl$s- $t0$u0$v0$w0$x0$y.i15603933$z07-04-14 996 $aIn attesa di una scelta$9259766 997 $aUNISALENTO 998 $ale002$b07-04-14$cm$da $e $fita$git $h0$i0